1865 1657 1750 1667 1919 1315 1356 1755 1594 1808 1995 1220 1088 1096 1222 1234 1177 1730 1686 1242 1164 1412 1902 1585 1522 1572 1171 1040 1039 1021 1033 1348 1146 1138 1476 1436 1939 1160 1015 1335 1138 1053 1699 1569 1230 2000 1846 1475 1427 1823 1994 1542 1107 1771 1449 1660 1012 1897 1808 1449 1055 1302 1797 1893 1390 1125 1975 1315 1371 1205 1192 1406 1579 1916 1769 1425 1813 1725 1503 1833 1332 1276 1627 1389 1677 1817 1459 1073 1526 1425 1352 1118 1576 1775 1461 1973 1567 1100 1839 BCNSPRNW ULIB Ver.6.0+V

เปลี่ยนเป็นภาษาไทย

Change to English
 แสดงรายละเอียดบรรณานุกรม
  กลับหน้าหลัก

Brief Record : Get Marc (ISO 2709) : E-mail record : QR code < ปิดหน้าต่าง
LEADER : 00000nam 2200000uu 4500
001    13399128697
003     ULIB
008    240705s2566||||th 000 0 tha d
020    ^a9786164343245
041 1  ^atha^heng
060 04 ^aQS17^bอ939ผ
100 1  ^aแอชเวลล์, เคน
245 10 ^aแผนที่ร่างกายมนุษย์/^cเคน แอชเวลล์,เขียน ; น้ำทิพย์ พันธุ์อนุกูล, แปล
246 31 ^aThe human body atlas
260    ^aกรุงเทพฯ :^bแอร์โรว์,^c2566
300    ^a224 หน้า :^bภาพประกอบ ;^c30 ซม.
650  4 ^aร่างกาย
650  4 ^aกายวิภาคศาสตร์มนุษย์
650  4 ^aกายวิภาคศาสตร์
650  4 ^aสรีรวิทยา
856    ^a^zสารบัญู^uhttps://drive.google.com/file/d/11Q8T84q7cnbMXScLru9nQpdgsIzaOdbU/view?usp=sharing
945    ^p750^l0^i30088
945    ^p750^l0^i30089
945    ^p750^l0^i30090
945    ^p750^l0^i30091
945    ^p750^l0^i30092
945    ^p750^l0^i30093
945    ^p750^l0^i30094
945    ^p750^l0^i30095
945    ^p750^l0^i30096
945    ^p750^l0^i30097
999    ^aกัณชพร
รายการนี้ยังไม่มีแท็ก
คุณยังไม่ได้ล็อกอิน คุณสามารถมีกิจกรรมร่วมกับเว็บไซต์ได้ แต่ต้องล็อกอินก่อน ::
  ล็อกอิน

รายการสื่อสารสนเทศ

ลำดับที่ ประเภท เลขเรียก/บาร์โค้ด สถานที่ สถานะ
1. หนังสือสำรอง
หนังสือสำรอง
QS17 อ939ผ ฉ.1 
  Barcode: 30088
ห้องสมุดวิทยาเขตนครสวรรค์
►หนังสือทั่วไป:l:General Books
บนชั้น
2. วิทยาศาสตร์การแพทย์ และสุขภาพ
วิทยาศาสตร์การแพทย์ และสุขภาพ
QS17 อ939ผ ฉ.10 
  Barcode: 30097
ห้องสมุดวิทยาเขตนครสวรรค์
►หนังสือทั่วไป:l:General Books
บนชั้น
3. วิทยาศาสตร์การแพทย์ และสุขภาพ
วิทยาศาสตร์การแพทย์ และสุขภาพ
QS17 อ939ผ ฉ.2 
  Barcode: 30089
ห้องสมุดวิทยาเขตนครสวรรค์
►หนังสือทั่วไป:l:General Books
บนชั้น
4. วิทยาศาสตร์การแพทย์ และสุขภาพ
วิทยาศาสตร์การแพทย์ และสุขภาพ
QS17 อ939ผ ฉ.3 
  Barcode: 30090
ห้องสมุดวิทยาเขตนครสวรรค์
►หนังสือทั่วไป:l:General Books
บนชั้น
5. วิทยาศาสตร์การแพทย์ และสุขภาพ
วิทยาศาสตร์การแพทย์ และสุขภาพ
QS17 อ939ผ ฉ.4 
  Barcode: 30091
ห้องสมุดวิทยาเขตนครสวรรค์
►หนังสือทั่วไป:l:General Books
บนชั้น
6. วิทยาศาสตร์การแพทย์ และสุขภาพ
วิทยาศาสตร์การแพทย์ และสุขภาพ
QS17 อ939ผ ฉ.5 
  Barcode: 30092
ห้องสมุดวิทยาเขตนครสวรรค์
►หนังสือทั่วไป:l:General Books
บนชั้น
7. วิทยาศาสตร์การแพทย์ และสุขภาพ
วิทยาศาสตร์การแพทย์ และสุขภาพ
QS17 อ939ผ ฉ.6 
  Barcode: 30093
ห้องสมุดวิทยาเขตนครสวรรค์
►หนังสือทั่วไป:l:General Books
บนชั้น
8. วิทยาศาสตร์การแพทย์ และสุขภาพ
วิทยาศาสตร์การแพทย์ และสุขภาพ
QS17 อ939ผ ฉ.7 
  Barcode: 30094
ห้องสมุดวิทยาเขตนครสวรรค์
►หนังสือทั่วไป:l:General Books
บนชั้น
9. วิทยาศาสตร์การแพทย์ และสุขภาพ
วิทยาศาสตร์การแพทย์ และสุขภาพ
QS17 อ939ผ ฉ.8 
  Barcode: 30095
ห้องสมุดวิทยาเขตนครสวรรค์
►หนังสือทั่วไป:l:General Books
บนชั้น
10. วิทยาศาสตร์การแพทย์ และสุขภาพ
วิทยาศาสตร์การแพทย์ และสุขภาพ
QS17 อ939ผ ฉ.9 
  Barcode: 30096
ห้องสมุดวิทยาเขตนครสวรรค์
►หนังสือทั่วไป:l:General Books
บนชั้น

รายการใกล้เคียง
    ผู้แต่ง [แอชเวลล์, เคน]

    หัวเรื่อง [ร่างกาย]
    หัวเรื่อง [กายวิภาคศาสตร์มนุษย์]
    หัวเรื่อง [กายวิภาคศาสตร์]
    หัวเรื่อง [สรีรวิทยา]

BibComment


ยังไม่เคยถูกคอมเมนท์

คอมเมนท์ทรัพยากรรายการนี้
  คอมเมนท์: แผนที่ร่างกายมนุ..


 Copyright 2026. Bcnsprnw @Library